LEADER 01366nam a2200289 4500 001 000000348536 003 CaOOAMICUS 005 20220420110925.0 008 211119s2021 it a 000 u ita r 020 $a978-88-8396-143-4 040 $aSeMil$bita 245 00$aSan Giuseppe dei Morenti in Milano :$bla parrocchia, la chiesa, gli istituti, il quartiere /$ca cura di Ferdinando Scala, don Gabriele Spinelli, Silvio Silvi. 264 1$aPavia :$bEdizioni CdG,$c2021. 300 $a455 p. :$bill. ;$c29 cm 541 0 $aOmaggio mons. Mario Delpini (3O VI 6) 650 4$aMilano - Chiese - San Giuseppe dei Morenti.$0(OLS)http://semarc/subject/51285 700 1 $aSilvi, Silvio.$0(OLS)http://semarc/name/108206 700 1 $aScala, Ferdinando.$0(OLS)http://semarc/name/92425 700 1 $aSpinelli, Gabriele,$c.$0(OLS)http://semarc/name/115031 850 $aSeMil 852 $aSeMil$W1$xVenegono$y1$m3O VI 6$j230934$B239630$CSeMilBibl$Z2$F239630 $81 941 1 $a7 961 $aOmaggio mons. Mario Delpini 996 $6020$a978-88-8396-143-4$9(OLS)http://semarc/number/294583 996 $6245$aSan Giuseppe dei Morenti in Milano :$bla parrocchia, la chiesa, gli istituti, il quartiere$9(OLS)http://semarc/title/437940 996 $6264$aPavia :$bEdizioni CdG$9(OLS)http://semarc/publisher/60233 LEADER 01554nam a2200241 i 4500 001 000000241390 003 CaOOAMICUS 005 20231013125424.0 008 150430s1793 it u000 u ita u 026 $ag-r- uea- onda AnFR (3) 1793 (Q) 040 $aSeMil$bita 100 1 $aTurchi, Adeodato .$0(OLS)http://semarc/name/5422 245 10$aGiubbileo concesso dal regnante sommo pontefice Pio 6. allo stato di Parma e pubblicato dall'illustrissimo e reverendissimo monsignore Fr. Adeodato Turchi dell'Ordine de cappuccini ... L'anno 1793. 260 $aParma :$bDalla Stamperia Reale,$c1793. 300 $a16 p. ;$c4º. 500 $aData di stampa presunta, 1793, nel tit. e in calce (16 febbraio 1793). - Stemma del Turchi a p. 3. - Vignetta xilogr. sul front. 710 2 $aStamperia reale$b.$0(OLS)http://semarc/name/3029 773 0 $aTurchi, Adeodato $t[Omelie, lettere pastorali, indulti, ecc. di monsignor Fr. Adeodato Turchi ...].$dParma : Dalla Stamperia vescovile di Marco Rossi, e Andrea Ubaldi, 1789.$w()11210 850 $aSeMil 852 $aSeMil$W1$xVenegono$y1$m3F VI 5/9 FA$j191736$B191736$CSeMilBibl$Z2$F202539 $8I 996 $6245$aGiubbileo concesso dal regnante sommo pontefice Pio 6. allo stato di Parma e pubblicato dall'illustrissimo e reverendissimo monsignore Fr. Adeodato Turchi dell'Ordine de cappuccini ... L'anno 1793$9(OLS)http://semarc/title/343104 996 $6260$aParma :$bDalla Stamperia Reale$9(OLS)http://semarc/publisher/31459